Primary education : assessing and planning learning

Saved in:
Bibliographic Details
Other Authors: Craft, Anna (Editor)
Format: Book
Language:English
Published: London : Routledge, 1996
Subjects:
Tags: Add Tag
No Tags, Be the first to tag this record!

MARC

LEADER 00000nam a2200000 i 4500
001 1/95017
008 991202s1996 eng d
020 |a 0-415-13527-3 
035 |l 10055104 
040 |a GR-MY-UA  |b gre  |e aacr 
041 0 |a eng 
082 0 |a 372.942 
245 1 0 |a Primary education :  |b assessing and planning learning /  |c edited by Anna Craft 
260 |a London :   |b Routledge,   |c 1996 
300 |a 284 p. 
650 0 0 |a Education, Elementary  |z Great Britain. 
650 0 0 |a Education, Elementary. 
650 0 0 |a Educational tests and measurements  |z Great Britain. 
650 0 0 |a Educational tests and measurements. 
650 0 0 |a Educational planning  |z Great Britain. 
650 0 0 |a Educational planning. 
650 0 0 |a Learning. 
650 0 0 |a Constructivism (Education) 
700 1 |a Craft, Anna.  |4 edt 
852 |a INST  |b RHODES  |e 19991202  |h 372.942 PRI  |p 005400012773  |q 005400012773  |t BK  |y 0 
901 |a BIBL4-1999-3 
909 |a Ρ  |b 070011 
922 |a 4ΕΛΗ  |b 199910  |c ΚΠΣ/154  |d GLORY BOOKS 
970 |a ΚΟΥΛΑΚΙΟΤΗ  |b ΛΙΤΣΑ  |z 1999/12/02